000 00410nam a2200157 i 4500
001 36396
003 ES-MaACL
005 20230906155349.0
007 t|
008 030218s1918 fr ||||1| fre d
100 1 _aBourget, Paul (
_d1852-1935)
_930991
245 1 0 _aNémesis /
_cPaul Bourget.
260 _aParis :
_bPlon, Nourrit et Cie,
_c[1918]
300 _a301 p. ;
_c19 cm.
852 _aES-MaACL
_jG-14855
999 _c36396
_d36396